Вып. 9; Горная электромеханика и автоматика

Մատենագիտական մանրամասներ
Parent link:Горная электромеханика и автоматика: [сборник статей]/ Киевский политехнический институт (КПИ). Вып. 9.— , 1969-1991
Այլ հեղինակներ: Полянский Н. А. (редактор)
Լեզու:ռուսերեն
Հրապարակվել է: 1978
Խորագրեր:
Ձևաչափ: Գիրք
KOHA link:https://koha.lib.tpu.ru/cgi-bin/koha/opac-detail.pl?biblionumber=325863

MARC

LEADER 00000nam2a2200000 4500
001 325863
005 20231102003813.0
035 |a (RuTPU)RU\TPU\book\351479 
035 |a RU\TPU\book\351478 
090 |a 325863 
100 |a 20161214d1978 k y0rusy50 ca 
101 0 |a rus 
102 |a UA 
105 |a a z 001zy 
200 0 |a Вып. 9  |f отв. ред. Н. А. Полянский 
210 |d 1978 
215 |a 64 с.  |c ил. 
320 |a Библиография в конце статей 
461 1 |0 (RuTPU)RU\TPU\book\144013  |t Горная электромеханика и автоматика  |o [сборник статей]  |f Киевский политехнический институт (КПИ)  |v Вып. 9  |d 1969-1991  |s Вестник Киевского политехнического института 
606 1 |a Горная электромеханика  |2 stltpush  |3 (RuTPU)RU\TPU\subj\7546  |9 35157 
606 1 |a Автоматика  |2 stltpush  |3 (RuTPU)RU\TPU\subj\749  |9 29560 
610 1 |a управление 
610 1 |a поточно-транспортные системы 
610 1 |a автоматизированный электропривод 
610 1 |a электроустановки 
610 1 |a технологические процессы 
610 1 |a горные предприятия 
610 1 |a экскаваторы 
610 1 |a производительность 
610 1 |a автоматизированный учет 
610 1 |a погрешности 
610 1 |a надежность 
610 1 |a оценка 
610 1 |a электроснабжение 
675 |a 622:621.3  |v 4 
675 |a 681.51  |v 4 
702 1 |a Полянский  |b Н. А.  |4 340 
801 1 |a RU  |b 63413507  |c 20140321 
801 2 |a RU  |b 63413507  |c 20171211  |g RCR 
942 |c BK